Efecto del aporte de ensilaje de sorgo a la dieta de vaquillonas que pastorean verdeo de trigo /

Guardado en:
Otros Autores: Coria, María Lucía. (Disertante), Laborde, Hugo E. (Orientador), Arzadún, Martín. (Orientador)
Formato: Manuscrito
Idioma:Spanish
Publicado: 2010.
Materias:
Acceso en línea:Texto completo
Etiquetas: Agregar Etiqueta
Sin Etiquetas, Sea el primero en etiquetar este registro!
LEADER 01229ntm a22002775a 4500
001 EEA.libagro009335
005 20160916104200.0
008 101111s2010####ag#######bm###000#0#spa#d
082 0 4 |a 040  |2 15 
100 1 |a Coria, María Lucía.  |4 dis 
245 1 0 |a Efecto del aporte de ensilaje de sorgo a la dieta de vaquillonas que pastorean verdeo de trigo /  |c María Lucía Coria. 
260 |c 2010. 
300 |a x, 77 h. :  |b il. (algunas col.) ;  |c 30 cm. 
500 |a Director de tesis: Hugo Laborde ; Martín Arzadún. 
500 |a "Tesis de Magíster en Ciencias Agrarias". 
502 |a Tesis (magíster)--Universidad Nacional del Sur. Departamento de Agronomía, 2010. 
504 |a Incluye referencias bibliográficas (p. 66-77). 
530 |a Disponible también en línea. 
650 7 |a Industria ganadera.  |2 unbist 
650 7 |a Sorgo.  |2 unbist 
650 7 |a Trigo.  |2 unbist 
700 1 |a Laborde, Hugo E.  |4 ths 
700 1 |a Arzadún, Martín.  |4 ths 
710 2 |a Universidad Nacional del Sur.  |b Departamento de Agronomía.  |4 dgg. 
856 |u http://inta.gob.ar/sites/default/files/inta%5Fvaquillonas%5Fque%5Fpastorean%5Fverdeo%5Fde%5Ftrigo.pdf  |3 Texto completo 
859 |a AR-BbBCA  |b BIB. AGRONOMIA  |h 040  |i B148 2010-1037  |p 121849/010